000 00674 a2200217 4500
001 48456
005 20260407155749.0
008 260407a2017 arg spa d
003 AR-UNSa-BCEJYS
040 _aAR-UNSa-BCEJYS
_bspa
_cAR-UNSa-BCEJYS
080 _a34
_xDerecho
245 1 0 _aEl reverso del derecho
_pdesmontajes del discurso jurídico
020 _a978-987-03-3369-2
264 1 _aBuenos Aires :
_bLa Ley
_c2017
300 _a166 p.
_c24 cm.
041 _aspa
942 _cBK
590 _aniveau_biblio:m niveau_hierar:0
100 1 _aRoggero, Jorge
856 4 1 _uhttps://www.biblioeco.unsa.edu.ar/pmb/images/libros/L127893.jpg
_yImagen de portada
_qimage/jpeg
999 _c4596
_d4596